Address to a Haggis Lyrics Quiz Stats

 Plays Quiz not verified by Sporcle

Challenge
Share
Tweet
Embed
Score 0/271 Timer 08:00
0 Plays Today
% Correct
the
89.7%
The
89.7%
the
89.7%
the
89.7%
The
89.7%
the
89.7%
The
89.7%
a'
87.2%
a'
87.2%
a
86.8%
a
86.8%
a
86.8%
a
86.8%
a
86.8%
a
86.8%
a
86.8%
a
86.8%
a
86.8%
a
86.8%
a
86.8%
o
83.8%
o'
83.8%
o
83.8%
o
83.8%
o
83.8%
O
80.3%
O
80.3%
ye
75.2%
ye
75.2%
ye
75.2%
Ye
75.2%
ye
75.2%
you
70.1%
An
66.2%
An
66.2%
an
66.2%
an
66.2%
an
65.4%
to
60.7%
to
60.7%
to
60.7%
haggis-
60.3%
Haggis
60.3%
And
57.3%
And
57.3%
In
54.3%
in
54.3%
in
54.3%
your
53.4%
your
53.4%
Your
53.4%
Your
53.4%
your
53.4%
your
53.4%
your
53.4%
puddin'
51.3%
fa'
50.9%
race!
50.4%
wi
46.6%
Wi
46.6%
wi
46.6%
Is
46.2%
Great
45.7%
my
44.9%
face,
43.6%
on
43.2%
On
43.2%
wha
42.3%
are
41%
Are
41%
As
40.2%
As
40.2%
as
40.2%
for
39.7%
Fair
38.9%
honest,
38.5%
it
38%
sonsie
37.6%
them
37.2%
or
37.2%
Or
37.2%
Or
37.2%
or
37.2%
them
37.2%
chieftain
35.9%
what
35%
if
35%
that
34.2%
that
34.2%
That
34.2%
tak
33.3%
% Correct
then,
33.3%
Then,
33.3%
tak
33.3%
nae
32.1%
her
31.6%
her
31.6%
her
31.6%
wad
30.3%
wad
30.3%
wad
30.3%
But
30.3%
But,
30.3%
place,
29.5%
there
29.5%
there
29.5%
His
28.2%
his
28.2%
his
28.2%
His
28.2%
His
28.2%
his
28.2%
his
28.2%
up
27.8%
they
27.8%
they
27.8%
Painch,
26.9%
Weel
26.9%
lang's
26.9%
like
26.9%
Like
26.9%
Like
26.9%
weel
26.9%
like
26.9%
like
26.9%
Like
26.9%
tripe,
25.2%
arm.
25.2%
grace
24.8%
Aboon
24.4%
knife
23.5%
Gie
23.5%
their
23.1%
will
23.1%
their
23.1%
thairm:
22.6%
time
22.6%
see
22.2%
see
22.2%
worthy
21.8%
cut
21.8%
Warm
21.4%
reekin,
21.4%
how
21.4%
out
21.4%
amber
20.5%
entrails
19.7%
thro
19.2%
bead.
19.2%
rich!
19.2%
Thro
19.2%
fill,
18.4%
pin
18.4%
need,
18.4%
pores
18.4%
distil
18.4%
sight,
18.4%
owre
18.4%
owre
18.4%
rustic
17.1%
Rustic,
17.1%
distant
16.7%
mend
16.7%
mill
16.7%
onie
16.7%
down
16.7%
Auld
16.7%
hill,
16.2%
ready
16.2%
mak
16.2%
sic
16.2%
mak
16.2%
Scotland
16.2%
help
15.8%
dews
15.8%
Labour
15.8%
glorious
15.8%
him
15.8%
guid
15.8%
trencher
15.4%
hurdies
15.4%
dight,
15.4%
% Correct
gushing
15.4%
groaning
15%
bright,
15%
French
14.1%
olio
13.7%
slight,
13.2%
ragout,
13.2%
While
12.8%
horn
12.8%
horn,
12.8%
Deil
12.4%
ditch;
12%
Trenching
11.5%
Till
11.5%
spew
11.5%
dish
11.5%
hindmost,
11.1%
dinner?
11.1%
fed,
11.1%
wish
10.7%
fricassee
10.3%
spindle
10.3%
shank
10.3%
He'll
10.3%
strive:
9.8%
drive,
9.8%
mark
9.8%
tread,
9.8%
make
9.8%
drums;
9.4%
sow,
9.4%
earth
9.4%
legs
9.4%
arms,
9.4%
thrissle.
9.4%
mankind
9.4%
care,
9.4%
fare,
9.4%
prayer,
9.4%
stretch
9%
belyve
9%
bent
9%
resounds
9%
whissle;
9%
taps
9%
Pow'rs,
9%
wants
9%
kytes
8.5%
auld
8.5%
maist
8.5%
hums.
8.5%
staw
8.5%
perfect
8.5%
view
8.5%
trembling
8.5%
ware
8.5%
'Bethankit'
8.1%
blade,
8.1%
bill
8.1%
gratefu
8.1%
Looks
7.7%
scornfu
7.7%
walie
7.7%
heads
7.7%
scunner,
7.3%
devil!
7.3%
swall'd
6.8%
Poor
6.8%
nit;
6.8%
unfit!
6.8%
Guidman,
6.4%
sneering,
6.4%
whip-lash,
6.4%
nieve
6.4%
nieve
6.4%
rive,
6%
rash,
6%
skinking
6%
luggies:
6%
bloody
5.6%
flood
5.6%
field
5.6%
dash,
5.6%
Clap
5.6%
jaups
5.6%
trash,
5.1%
sned,
5.1%
feckless
4.7%
wither'd
4.7%

You're not logged in!

Compare scores with friends on all Sporcle quizzes.
Join for Free
OR
Log In

You Might Also Like...

Show Comments

Extras

Curator's Pick Jan 25, 2016SourceReportNominate
Tags:Lyrics Quiz, Poem Quiz, festival, scotland

Top Quizzes Today


Score Distribution

Your Account Isn't Verified!

In order to create a playlist on Sporcle, you need to verify the email address you used during registration. Go to your Sporcle Settings to finish the process.

Report this User

Report this user for behavior that violates our Community Guidelines.

Details: